| 000 | 00756nam a22002057a 4500 | ||
|---|---|---|---|
| 999 |
_c4789 _d4789 |
||
| 003 | AR-CdUCM | ||
| 008 | 190311b ||||| |||| 00| 0 spa d | ||
| 040 |
_aMUNICIPALIDAD PROVINCIAL DEL CUSCO _cBIBLIOTECA MUNICIPAL DEL CUSCO |
||
| 082 |
_23ed. _a869.625 / _bSI55 |
||
| 100 |
_aSilva Rodas, Medardo Ángel _914791 |
||
| 245 |
_aEl árbol del bien y del mal / _cMedardo Ángel Silva |
||
| 260 |
_aGuayaquil : _bCasa de la Cultura Ecuatoriana, núcleo del Guayas, _c1964. |
||
| 300 |
_aXI, 117 páginas ; _c17 cm. |
||
| 500 | _aDonación de la familia Nieto. | ||
| 650 |
_aPoesía - Ecuador - Siglo XX _914792 |
||
| 650 |
_aPoetas ecuatorianos contenporáneos _914793 |
||
| 650 |
_aMedardo Ángel Silva _914794 |
||
| 942 |
_2ddc _cLIBROS |
||
| 945 | _alccs | ||